Усовершенствование калибровки вакуумных мер газового потока - контрольных течей; Измерительная техника; № 6

Xehetasun bibliografikoak
Parent link:Измерительная техника=Measurement Techniques: научно-технический журнал/ Российская Федерация, Федеральное агентство по техническому регулированию и метрологии (Ростехрегулирование) (Госстандарт России).— , 1940-1941, 1955-.— 0368-1025
№ 6.— 2004.— С. 28-30
Egile nagusia: Кузьмин В. В.
Hizkuntza:errusiera
Argitaratua: 2004
Saila:Механические измерения
Gaiak:
Formatua: Liburu kapitulua
KOHA link:https://koha.lib.tpu.ru/cgi-bin/koha/opac-detail.pl?biblionumber=393462

MARC

LEADER 00000naa2a2200000 4500
001 393462
005 20231101064408.0
035 |a (RuTPU)RU\TPU\prd\29520 
090 |a 393462 
100 |a 20041103a2004 k y0rusy50 ca 
101 0 |a rus 
102 |a RU 
200 1 |a Усовершенствование калибровки вакуумных мер газового потока - контрольных течей  |f В. В. Кузьмин 
225 1 |a Механические измерения 
320 |a Библиогр.: 4 назв. 
461 1 |0 (RuTPU)RU\TPU\prd\1509  |x 0368-1025  |t Измерительная техника  |l Measurement Techniques  |o научно-технический журнал  |f Российская Федерация, Федеральное агентство по техническому регулированию и метрологии (Ростехрегулирование) (Госстандарт России)  |d 1940-1941, 1955- 
463 1 |0 (RuTPU)RU\TPU\prd\26835  |t № 6  |v С. 28-30  |d 2004 
610 1 |a контрольные геливые печи 
610 1 |a калибровка 
610 1 |a измерение 
610 1 |a газовые потоки 
675 |a 533.17  |v 3 
700 1 |a Кузьмин  |b В. В. 
801 1 |a RU  |b 63413507  |c 20041103  |g PSBO 
801 2 |a RU  |b 63413507  |c 20121217  |g RCR 
942 |c BK